Wird geladen...

A study of fuzzy vector valued integration and some of the related results

Bibliographische Detailangaben
Hauptverfasser: Girija Kumari, R; Researcher, Samuel, M S; Guide
Format: Ph.D Thesis
Veröffentlicht: Kottayam, Mahatma Gandhi University 2006
Ausgabe:Ph.D
Schlagworte:
LEADER 009150000a22002530004500
082 |a 511.322 3 P6 
100 |a Girija Kumari, R; Researcher 
100 |a Samuel, M S; Guide 
245 |a A study of fuzzy vector valued integration and some of the related results 
250 |a Ph.D 
260 |a Kottayam, Mahatma Gandhi University 
260 |c 2006 
460 |a 118p 
500 |a Awarded on 01-02-2006 
500 |a Department of Mathematics, St Thomas college Pala, Kottayam, Kerala  |e IN 
500 |a Girija Kumari R; Guided by Dr M S Samuel 
500 |a Includes bibliographical references 
650 |a Dissertations, Academic (Ph.D) 
650 |a Fuzzy sets 
650 |a Fuzzy systems 
650 |a Thesis (Ph.D)-Mathematics 
942 |c BK 
999 |c 37067  |d 37067 
952 |0 0  |1 0  |4 0  |6 511_322000000000000_3_P6  |7 0  |8 THES  |9 37533  |a MGUL  |b MGUL  |d 2013-07-16  |l 0  |o 511.322 3 P6  |p T01390  |r 2013-07-16  |w 2013-07-16  |y THES